000 03310nam a2200349 a 4500
003 OSt
005 20240909120026.0
007 cr ||||||a|c|a
008 240909s2023 mx |||afom||| 001 0 spa d
040 _erda
100 1 _aSandoval Pérez José Antonio
_9189572
245 1 0 _aModelos matemáticos que describen el comportamiento de los componentes morfolólicos del Triticum aestivum L. variedad valles /
_cpor José Antonio Sandoval Pérez; director de tesis Sergio Ibán Mendoza Pedroza; secretario Pablo Alfredo Domínguez Martínez; vocal Fernando García Cerón; suplente José Isidro Alejos de la Fuente; suplente José Melquiades Monzón Armenta.
264 1 _aChapingo, México :
_bEl autor,
_c2023.
300 _a1 recurso en línea (61 páginas):
_bcuadros, figuras.
336 _2rdacontent
_atexto
_btxt
337 _2rdamedia
_acomputadora
_bc
338 _2rdacarrier
_arecurso en línea
_bcr
502 _bIAEZ
_cZootecnía
_d2023.
_gLIC
504 _aIncluye referencias bibliográficas: páginas 42-51.
520 _aEl propósito de este estudio fue determinar los modelos matemáticos adecuados que puedan pronosticar el comportamiento de la acumulación de materia seca total y materia seca acumulada por componente morfológico en la especie Triticum aestivum L. variedad Valles. Para que se lograra fue necesario implementar un diseño experimental que permitiera capturar medidas sobre el tallo, hoja, material senescente y acumulación de biomasa total respecto a diferentes parámetros cuantitativos que fueron los días después de la siembra, la altura total, altura comprimida y radiación interceptada. Se preparó el terreno, se realizó la siembra con semilla pura germinable de Triticum aestivum L. variedad Valles y se aplicó fertilizante 45 días después. Se realizó la captura de datos de altura total, altura comprimida y porcentaje de radiación interceptada cada 15 días hasta terminar el experimento. Se realizó el procedimiento de secado en la obtención de materia seca total del forraje y de materia seca por elemento morfológico. Los resultados obtenidos fueron capturados y empleados para modelar funciones matemáticas que arrojaron diferentes curvas de crecimiento donde la materia seca total presento un comportamiento lineal respecto a los días después de la siembra. La materia seca en hoja, tallo y materia senescente presentó una curva de acumulación de materia seca en forma sigmoidal, presentando diferentes velocidades de crecimiento respecto a los días después de la siembra y a la radiación interceptada en forma de porcentaje.
650 4 _aTrigo
_xProducción
_9115082
650 4 _aTrigo
_xModelos matemáticos
_9115063
650 4 _aTrigo
_xFisiología y morfología
_9115027
650 4 _aTrigo
_xMateria seca
_xDeterminación
_9115056
700 1 _aMendoza Pedroza, Sergio Ibán
_974719
_eDirector de tesis.
700 1 _aDomínguez Martínez, Pablo Alfredo
_933846
_eSecretario.
700 1 _aGonzález Cerón, Fernando
_948783
_eVocal.
700 1 _aAlejos de la Fuente, José Isidro
_93759
_eSuplente.
700 1 _aMonzón Armenta, José Melquiades
_978028
_eSuplente.
856 _uhttp://10.13.5.2/tesis/tl/1612285-9_SANDOVAL_PEREZ_JOSEANTONIO.pdf
_zDESCARGAR PDF
942 _2Clasificación Universidad Autónoma Chapingo
_cTD
999 _c220150
_d220150